The redeemer / (Record no. 3022)

MARC details
000 -LEADER
fixed length control field 00716nam a2200217 ar4500
001 - CONTROL NUMBER
control field 3024
005 - DATE AND TIME OF LATEST TRANSACTION
control field 20221127090647.0
008 - FIXED-LENGTH DATA ELEMENTS--GENERAL INFORMATION
fixed length control field 121226s xxk 0001f|eng d
020 ## - INTERNATIONAL STANDARD BOOK NUMBER
International Standard Book Number 9780099505969(pbk) :
Terms of availability SR00.00
082 04 - DEWEY DECIMAL CLASSIFICATION NUMBER
Classification number 839.828
Item number N367 2009
100 1# - MAIN ENTRY--PERSONAL NAME
Personal name Nesbo, Jo.
245 14 - TITLE STATEMENT
Title The redeemer /
Statement of responsibility, etc. Jo Nesbo ; translated from the Norwegian by Don Bartlett.
260 ## - PUBLICATION, DISTRIBUTION, ETC.
Place of publication, distribution, etc. London :
Name of publisher, distributor, etc. Vintage,
Date of publication, distribution, etc. 2009.
300 ## - PHYSICAL DESCRIPTION
Extent 562 p. ;
Dimensions 20 cm.
650 #4 - SUBJECT ADDED ENTRY--TOPICAL TERM
Topical term or geographic name entry element Detective and mystery stories.
650 #4 - SUBJECT ADDED ENTRY--TOPICAL TERM
Topical term or geographic name entry element Norwegian fiction
General subdivision Translations into English.
650 #4 - SUBJECT ADDED ENTRY--TOPICAL TERM
Topical term or geographic name entry element Norwegian literature
Chronological subdivision 21st century.
650 #4 - SUBJECT ADDED ENTRY--TOPICAL TERM
Topical term or geographic name entry element English fiction
General subdivision Foreign countries.
650 #4 - SUBJECT ADDED ENTRY--TOPICAL TERM
Topical term or geographic name entry element Suspense fiction.
700 0# - ADDED ENTRY--PERSONAL NAME
Personal name Bartlett, Don,
Relator term translator.
Holdings
Withdrawn status Lost status Source of classification or shelving scheme Damaged status Not for loan Home library Current library Date acquired Total Checkouts Full call number Barcode Date last seen Copy number Price effective from Koha item type
              11/27/2022   839.828 N367 2009 1000000010826 11/27/2022 c1 11/27/2022 Book